Batumi International Airport Destinations (Batumi, Georgia) - Statistics

General Stats
  • This quiz has been taken 47 times
    17 since last reset
  • The average score is 24 of 32
Answer Stats
Airline Destination % Correct
Air Astana/SCAT Airlines Astana
100%
Azerbaijan Airlines Baku
100%
flydubai Dubai (International)
100%
flyadeal/flynas/Saudia Riyadh
100%
Air Astana Almaty
92%
Turkish Airlines Istanbul
92%
Pegasus Airlines Istanbul (Sabiha Gökçen)
92%
flynas Jeddah
92%
Red Wings Airlines Moscow (Domodedovo)
92%
azimuth Moscow (Vnukovo)
92%
Red Wings Airlines Moscow (Zhukovsky)
92%
Georgian Wings Tbilisi
92%
Iran Aseman Airlines/Qeshm Air/Varesh Airlines/Zagros Airlines Tehran (Imam Khomeini)
92%
arkia/Israir/Sun d'Or Tel Aviv
92%
Jordan Aviation Amman (Queen Alia)
85%
airBaltic Riga
85%
Air Samarkand/Fly Khiva/Centrum Air/Uzbekistan Airlines Tashkent
85%
Red Wings Airlines Saint Petersburg
77%
azimuth Sochi
77%
Jazeera Airways Kuwait City
69%
flynas Dammam
62%
Red Wings Airlines Kazan
62%
Belavia Minsk
62%
Red Wings Airlines Nizhny Novgorod
62%
Red Wings Airlines Yekaterinburg
62%
Red Wings Airlines Samara
54%
SmarthLynx Airlines Tallinn
46%
Red Wings Airlines Ufa
38%
Red Wings Airlines Krasnodar
31%
azimuth Mineralnye Vody
31%
GetJet Airlines Vilnius
31%
Vanilla Sky Airlines Natakhtari
15%
No matching quizzes found
Score Distribution
Percent of People with Each Score
Percentile by Number Answered
Your Score History
You have not taken this quiz since the last reset